<?xml version="1.0" encoding="UTF-8"?>
<record
    xmlns:xsi="http://www.w3.org/2001/XMLSchema-instance"
    xsi:schemaLocation="http://www.loc.gov/MARC21/slim http://www.loc.gov/standards/marcxml/schema/MARC21slim.xsd"
    xmlns="http://www.loc.gov/MARC21/slim">

  <leader>01022cam a2200289 i 4500</leader>
  <datafield tag="999" ind1=" " ind2=" ">
    <subfield code="c">6844</subfield>
    <subfield code="d">6844</subfield>
  </datafield>
  <datafield tag="020" ind1=" " ind2=" ">
    <subfield code="a">9789573282761</subfield>
    <subfield code="c">NT$350</subfield>
  </datafield>
  <datafield tag="100" ind1="1" ind2=" ">
    <subfield code="a">&#x6731;&#x695A;&#x6587;,</subfield>
  </datafield>
  <datafield tag="245" ind1="1" ind2="0">
    <subfield code="a">&#x5168;&#x7403;&#x9802;&#x5C16;&#x9818;&#x8896;&#x89AA;&#x6388;&#x7684;17&#x5802;&#x8AB2; :</subfield>
    <subfield code="b">&#x7AD9;&#x5728;17&#x4F4D;&#x5DE8;&#x4EBA;&#x80A9;&#x4E0A;&#x770B;&#x898B;&#x4E16;&#x754C;&#x8F49;&#x52D5;&#x8DA8;&#x52E2; = 17 classes on global trends from world's top leaders /</subfield>
    <subfield code="c">&#x6731;&#x695A;&#x6587;&#x8457;</subfield>
  </datafield>
  <datafield tag="250" ind1=" " ind2=" ">
    <subfield code="a">&#x521D;&#x7248;</subfield>
  </datafield>
  <datafield tag="300" ind1=" " ind2=" ">
    <subfield code="a">285&#x9762; :</subfield>
    <subfield code="b">&#x5716; ;</subfield>
    <subfield code="c">21&#x516C;&#x5206;</subfield>
  </datafield>
  <datafield tag="490" ind1="1" ind2=" ">
    <subfield code="a">Beyond ;</subfield>
    <subfield code="v">10.</subfield>
  </datafield>
  <datafield tag="942" ind1=" " ind2=" ">
    <subfield code="2">ccl</subfield>
    <subfield code="c">BOOK</subfield>
  </datafield>
  <datafield tag="952" ind1=" " ind2=" ">
    <subfield code="0">0</subfield>
    <subfield code="1">0</subfield>
    <subfield code="2">ccl</subfield>
    <subfield code="4">0</subfield>
    <subfield code="7">0</subfield>
    <subfield code="a">yeezen</subfield>
    <subfield code="b">yeezen</subfield>
    <subfield code="d">2018-06-27</subfield>
    <subfield code="l">4</subfield>
    <subfield code="m">2</subfield>
    <subfield code="o">494.35</subfield>
    <subfield code="p">C02422</subfield>
    <subfield code="r">2023-02-20 00:00:00</subfield>
    <subfield code="s">2023-02-09</subfield>
    <subfield code="w">2018-06-27</subfield>
    <subfield code="y">BOOK</subfield>
    <subfield code="z">&#x3000;&#x3000;&#x9762;&#x5C0D;AI&#x4EBA;&#x5DE5;&#x667A;&#x6167;&#x3001;&#x5927;&#x6578;&#x64DA;&#x6D6A;&#x6F6E;&#x3001;&#x8CC7;&#x8A0A;&#x96F6;&#x788E;&#x5316;&#x4F86;&#x8972;&#xFF0C; &#x3000;&#x3000;&#x4E00;&#x65B9;&#x9762;&#xFF0C;&#x659C;&#x69D3;&#x9752;&#x5E74;&#x3001;&#x96F6;&#x5DE5;&#x7D93;&#x6FDF;&#x65B0;&#x5DE5;&#x4F5C;&#x578B;&#x614B;&#x5D1B;&#x8D77;&#x2026;&#x2026; &#x3000;&#x3000;&#x4E16;&#x754C;&#x6B63;&#x5FEB;&#x901F;&#x6539;&#x8B8A;&#xFF0C;&#x6211;&#x5011;&#x662F;&#x7AD9;&#x5728;&#x4EA4;&#x6703;&#x9EDE;&#x7684;&#x4E16;&#x4EE3;&#x3002; &#x3000;&#x3000;&#x6211;&#x5011;&#x7684;&#x672A;&#x4F86;&#x6703;&#x8B8A;&#x5F97;&#x600E;&#x9EBC;&#x6A23;&#xFF1F;   &#x3000;&#x3000;&#x5225;&#x6015;&#xFF01; &#x3000;&#x3000;&#x9019;&#x662F;&#x6700;&#x6DF7;&#x4E82;&#x7684;&#x6642;&#x4EE3;&#xFF0C;&#x4E5F;&#x662F;&#x6700;&#x597D;&#x7684;&#x6642;&#x4EE3;&#x3002; &#x3000;&#x3000;&#x4E16;&#x754C;&#x8D8A;&#x7D1B;&#x4E82;&#xFF0C;&#x770B;&#x61C2;&#x9019;&#x500B;&#x6642;&#x4EE3;&#x904B;&#x4F5C;&#x7684;&#x6536;&#x7A6B;&#x5C31;&#x8D8A;&#x8C50;&#x78A9;&#xFF01;  </subfield>
  </datafield>
</record>
